|
|
|
|
| LEADER |
00669nab a2200169 i 4500 |
| 001 |
misc23205 |
| 005 |
20191108145830.0 |
| 008 |
170822s1988 hu o 0|| zxx d |
| 040 |
|
|
|a SZTE Miscellanea Repozitórium
|b hun
|
| 041 |
|
|
|a zxx
|
| 100 |
1 |
|
|a Bellomo Manlio
|
| 245 |
1 |
0 |
|a Famiglie Borghesi e patrimonio ecclesiastico a calascibetta fra cinquecento e seicento
|h [elektronikus dokumentum] :
|b per la storia del diritto di patronato in Sicilia /
|c Bellomo Manlio
|
| 260 |
|
|
|c 1988
|
| 300 |
|
|
|a 27-61
|
| 490 |
0 |
|
|a Kolligátum
|
| 695 |
|
|
|a Jogtörténet - olasz - 15-16. sz., Borghese család
|
| 856 |
4 |
0 |
|u http://misc.bibl.u-szeged.hu/23205/1/87516_027-061.pdf
|z Dokumentum-elérés
|